000 00567nam a22001937a 4500
003 BD-DhJNU
005 20250917050902.0
008 250917b |||||||| |||| 00| 0 eng d
020 _a9786058551619
040 _aBD-DhJNU
_bENG
_cBD-DhJNU
_dBD-DhJNU
082 _223
_a323.445
100 _aAlankus, Sevda
245 _aPeace journalism handbook /
_cSevda Alankus
260 _aIstanbul :
_bIPS Iletisim Vakfi,
_c2016.
300 _a143 p. :
_bill. ;
_c21 cm.
504 _aincludes bibliographical reference and index
650 _aJournalism
942 _2ddc
_cBK
_n0
999 _c2125
_d2125